000 01206nam0a22002891 4500
001 rc\4586210
005 20260407093618.0
021 _aRU
_b69-17272
021 _aRU
_bРг4937-69
035 _a(NLR Aleph) 008381567
090 _a9120951
_c9120951
100 _a20130416d1968 |||y0rusy50 ca
101 0 _arus
102 _aRU
105 _aa z |||||
200 1 _aМетодика полного микрохимического анализа самородного золота
_fМ-во геологии СССР. Центр. науч.-исслед. горноразведочный ин-т ЦНИГРИ
210 _aМосква
_cБ. и.
_d1968
215 _a30 с.
_cил.
_d22
300 _aОтпеч. множит. аппаратом
300 _aНа 2-й с. обл. сост.: Ф.А. Ферьянчич
702 1 _aФерьянчич
_bФ.А.
_gФеликс Андреевич
_4220
712 0 2 _aЦентральный научно-исследовательский горно-разведочный институт
_cМосква
_3RU\NLR\AUTH\889917189
_9330550
801 0 _aRU
_bNLR
_gpsbo
801 1 _aRU
_bELAR
_2rusmarc
852 _aNLR
_j69-6/3599
942 _cBOOK
980 _aNB